000 00566nam a2200229Ia 4500
003 OSt
005 20220918203010.0
006 a|||||r|||| 00| 0
007 ta
008 220917b |||||||| |||| 00| 0 eng d
024 _a105,379
037 _cTextual
040 _aARTS
_cARTS
_beng
041 _2eng
_aeng
082 _aV3:21y7J66, J6
100 _aWillson D Harris
_9106291
245 0 _aKing James VI and I
260 _c1956
650 _aHISTORY
942 _hV3:21y7J66, J6
_cTEXL
_2CC
999 _c228738
_d228738